[Event "Niederoesterreichische Landesliga 2014/2015"]
[Site "NOE"]
[Date "2014.10.26"]
[Round "2"]
[Board "2"]
[White "Rumpl, Erwin"]
[Black "Plachetka, Jan"]
[Result "1-0"]
[WhiteElo "2314"]
[BlackElo "2362"]
[PlyCount "117"]
[EventDate "2014.10.05"]
[EventType "team"]
[EventRounds "11"]
[EventCountry "AUT"]
[WhiteTeam "SV Amstetten"]
[BlackTeam "Sparkasse Bad Voeslau/Kottingbrunn"]

1. Nf3 d5 2. c4 e6 3. b3 Nf6 4. g3 Be7 5. Bg2 c5 6. O-O Nc6 7. Bb2 d4 8. e3 e5
9. exd4 exd4 10. d3 O-O 11. Na3 Bf5 12. Nc2 Nd7 13. b4 Bf6 14. h3 cxb4 15.
Nfxd4 Nc5 16. Nxc6 bxc6 17. Bxf6 Qxf6 18. Nxb4 a5 19. Nxc6 Ra6 20. Qf3 Bxd3 21.
Qxf6 gxf6 22. Rfe1 Kg7 23. Re3 Rc8 24. Ne7 Rb8 25. Rd1 Bb1 26. Rd5 Ne6 27. Rb5
Rxb5 28. cxb5 Rb6 29. a4 Bc2 30. Nc8 Rb8 31. Rc3 Bxa4 32. b6 Bd7 33. b7 Nd4 34.
Rc7 Bb5 35. Nd6 Ba6 36. Rc5 Nb3 37. Rc8 Rxc8 38. bxc8=Q Bxc8 39. Nxc8 a4 40.
Bd5 Nc1 41. Nd6 a3 42. Nf5+ Kg6 43. Nd4 a2 44. Nc2 Ne2+ 45. Kf1 Nc3 46. Bc4 f5
47. Ke1 f4 48. gxf4 f5 49. Kd2 Ne4+ 50. Ke3 Nc3 51. f3 Kh5 52. Kd3 Nd1 53. Ke2
Nc3+ 54. Kd2 Nb1+ 55. Kd3 Na3 56. Bxa2 Nxc2 57. Kxc2 Kh4 58. Kd3 Kxh3 59. Bf7
 1-0

[Event "Niederoesterreichische Landesliga 2014/2015"]
[Site "NOE"]
[Date "2014.10.26"]
[Round "2"]
[Board "3"]
[White "Juhasz, Kristof"]
[Black "Wadsack, Wolfgang"]
[Result "1-0"]
[WhiteElo "2356"]
[BlackElo "2141"]
[PlyCount "201"]
[EventDate "2014.10.05"]
[EventType "team"]
[EventRounds "11"]
[EventCountry "AUT"]
[WhiteTeam "Sparkasse Bad Voeslau/Kottingbrunn"]
[BlackTeam "SV Amstetten"]

1. c4 Nf6 2. Nf3 d5 3. cxd5 Nxd5 4. d4 g6 5. e4 Nb6 6. h3 Bg7 7. Nc3 O-O 8. Be2
Nc6 9. d5 Ne5 10. Nxe5 Bxe5 11. Bg5 Qe8 12. O-O c6 13. Re1 Bg7 14. Qb3 e5 15.
Be3 Nd7 16. Qc4 Nb6 17. Qb3 Nd7 18. Rac1 Kh8 19. Bf3 f6 20. dxc6 bxc6 21. Na4
Nb6 22. Nc5 Rf7 23. Red1 Bf8 24. Qc2 Nd7 25. Nb3 Nb8 26. Na5 Rc7 27. Be2 Bb4
28. Qa4 Be7 29. Bc5 Be6 30. b3 Bxc5 31. Rxc5 Nd7 32. Rcc1 Nb6 33. Qa3 Rac8 34.
Qc5 Nd7 35. Qc3 Nb8 36. Rd6 Rd8 37. Rcd1 Rxd6 38. Rxd6 Rd7 39. Rxd7 Qxd7 40.
Qc5 Kg7 41. Qb4 Qc7 42. Nb7 Bf7 43. Nc5 Qd6 44. Bg4 Qc7 45. Be6 a5 46. Qc3 Be8
47. Bc4 Bd7 48. Qd2 g5 49. Qd1 Kg6 50. Kh2 h5 51. g3 Be8 52. Be6 Kh6 53. Qd2
Bg6 54. h4 Qe7 55. hxg5+ fxg5 56. Qxa5 Bxe4 57. Qc3 Na6 58. Nxa6 Qxe6 59. Nc5
Qf5 60. Qe3 Bd5 61. Nd3 Be4 62. Nc5 Bd5 63. Nd3 Be4 64. Ne1 Bd5 65. a4 Be6 66.
Kg1 Bd5 67. a5 Qh3 68. Nf3 Qf5 69. Ne1 Qh3 70. Nf3 Qf5 71. Nd2 Qh3 72. Ne4 Qf5
73. f3 Kg6 74. a6 g4 75. a7 c5 76. Qxc5 Bxe4 77. Qb6+ Kf7 78. fxe4 Qc8 79. Qf2+
Kg7 80. Kh2 Qa6 81. b4 h4 82. gxh4 Qa3 83. Qg2 Qxa7 84. Qxg4+ Kh7 85. Qf5+ Kg8
86. Qg6+ Kf8 87. Qf5+ Kg8 88. Kh3 Qd4 89. Kg4 Qxb4 90. Qxe5 Qe1 91. Qf4 Qg1+
92. Kf5 Qc5+ 93. e5 Qf8+ 94. Kg4 Qc8+ 95. Qf5 Qc4+ 96. Kh5 Kh8 97. e6 Qe2+ 98.
Kg5 Qe3+ 99. Kf6 Qd4+ 100. Qe5 Qxh4+ 101. Kg6+  1-0

[Event "Niederoesterreichische Landesliga 2014/2015"]
[Site "NOE"]
[Date "2014.10.26"]
[Round "2"]
[Board "4"]
[White "Kreischer, Georg"]
[Black "Juhasz, Armin"]
[Result "1-0"]
[WhiteElo "2099"]
[BlackElo "2298"]
[PlyCount "286"]
[EventDate "2014.10.05"]
[EventType "team"]
[EventRounds "11"]
[EventCountry "AUT"]
[WhiteTeam "SV Amstetten"]
[BlackTeam "Sparkasse Bad Voeslau/Kottingbrunn"]

1. e4 c6 2. d4 d5 3. Nc3 g6 4. Nf3 Bg7 5. Be2 Bg4 6. exd5 cxd5 7. O-O Nc6 8. h3
Bxf3 9. Bxf3 e6 10. Ne2 Nge7 11. c3 Nf5 12. Nf4 O-O 13. Nd3 Re8 14. Bf4 Rc8 15.
Re1 Na5 16. Be2 Nd6 17. Bf1 Nac4 18. Rb1 Ne4 19. Be3 Qa5 20. Ra1 Bf8 21. Qe2
Qb6 22. Rab1 Bd6 23. Rec1 a5 24. Re1 Bf8 25. Red1 Qd8 26. Ne1 b5 27. Nf3 b4 28.
cxb4 axb4 29. Qd3 Ra8 30. Qb3 Na5 31. Qc2 Re7 32. Bd3 Rc7 33. Qe2 Nd6 34. Bf4
Rca7 35. Rbc1 Nac4 36. Bb1 Qb6 37. Rd3 Qb7 38. Rcd1 Rc8 39. Bc1 Raa8 40. Nd2
Nb5 41. Nb3 Qb6 42. Bf4 Bg7 43. Be3 Nbd6 44. Bf4 Nb5 45. Be3 Nxe3 46. fxe3 Nd6
47. Nd2 Nc4 48. Nf1 Qd6 49. Rb3 Na5 50. Rbd3 Nc4 51. Rb3 Rc7 52. Qe1 Bf8 53.
Qe2 Na5 54. Rbd3 Nc4 55. Rb3 Rac8 56. Rbd3 Rc6 57. Qf2 Bh6 58. Qe2 Qe7 59. Re1
Qh4 60. Rdd1 Bf8 61. Rd3 Bd6 62. Rdd1 Bc7 63. Bd3 Ba5 64. Ra1 Qg5 65. Red1 Bb6
66. Re1 f5 67. Kh1 Nd6 68. a4 Ba5 69. b3 Rc3 70. Rab1 Nf7 71. Bb5 R8c7 72. Qf3
Nd6 73. Be2 Bb6 74. Red1 Ne4 75. Bd3 Nd6 76. g3 Qh6 77. Kg2 g5 78. Rb2 Rg7 79.
Nh2 Rc8 80. Rf1 Rgc7 81. Qe2 Qg7 82. Ba6 Ra8 83. Bd3 Kh8 84. Nf3 Nf7 85. g4 Rg8
86. Rc2 Rxc2 87. Qxc2 Nh6 88. Qc6 fxg4 89. hxg4 Bd8 90. Qxe6 Bf6 91. Rh1 Rd8
92. a5 Ra8 93. a6 Rf8 94. a7 Ra8 95. Qxd5 Rxa7 96. Qe6 Ra2+ 97. Kg3 Ra8 98. Rc1
Ng8 99. Be4 Rd8 100. Rc4 Be7 101. Kg2 Nf6 102. Qf5 Nd5 103. Qe6 Bf6 104. Bf5
Qa7 105. Rc8 Rxc8 106. Qxc8+ Kg7 107. Qe6 Qb7 108. Kf2 Nc3 109. Qd7+ Qxd7 110.
Bxd7 Ne4+ 111. Ke2 h5 112. gxh5 Ng3+ 113. Kd3 Nxh5 114. Kc4 Be7 115. Ne5 Nf6
116. Bf5 Bd6 117. Nd3 g4 118. e4 g3 119. Ne1 Nh5 120. e5 Bb8 121. Ng2 Ba7 122.
d5 Kf7 123. Kxb4 Bd4 124. e6+ Ke7 125. Kc4 Be5 126. Be4 Kd6 127. Ne3 Nf4 128.
b4 Nxe6 129. dxe6 Kxe6 130. b5 Bc7 131. Kc5 Kd7 132. Bf5+ Kd8 133. Kc6 Ba5 134.
Bh3 Ke7 135. Nf5+ Kd8 136. Nxg3 Ke7 137. Ne4 Bd8 138. Bg4 Ke8 139. Bh5+ Ke7
140. Bg6 Ke6 141. Bh5 Ke7 142. Bg4 Ke8 143. Bd7+ Ke7 {
Rest unleserlich (war schon eine heroische Leistung, bis hierher zu kommen :D )
}  1-0

[Event "Niederoesterreichische Landesliga 2014/2015"]
[Site "NOE"]
[Date "2014.10.26"]
[Round "2"]
[Board "1"]
[White "Lovrinovic, Christian"]
[Black "Vrana, Frantisek"]
[Result "1/2-1/2"]
[WhiteElo "2154"]
[BlackElo "2249"]
[PlyCount "87"]
[EventDate "2014.10.05"]
[EventType "team"]
[EventRounds "11"]
[EventCountry "AUT"]
[WhiteTeam "KSV Boehlerwerk"]
[BlackTeam "SV Mistelbach"]

1. d4 f5 2. Nf3 Nf6 3. g3 g6 4. Bg2 Bg7 5. O-O O-O 6. c4 d6 7. Nc3 c6 8. Rb1 a5
9. d5 Qe8 10. Nd4 Bd7 11. b3 Na6 12. Bb2 Nc7 13. Na4 c5 14. Ne6 Nxe6 15. dxe6
Bc6 16. Nb6 Bxg2 17. Kxg2 Qc6+ 18. Nd5 Nxd5 19. cxd5 Qb5 20. Bxg7 Kxg7 21. Qc2
Qb4 22. Qb2+ Kg8 23. f3 Rac8 24. Rfc1 Qb5 25. Rc4 Qe8 26. Qd2 Rf6 27. Rh4 Qf8
28. Qxa5 Ra8 29. Qd2 Qg7 30. Ra4 Rff8 31. Rxa8 Rxa8 32. a4 Qe5 33. Qd3 Ra6 34.
f4 Qe4+ 35. Qxe4 fxe4 36. Kf2 Rb6 37. Ke3 Rb4 38. g4 Kg7 39. g5 h5 40. h4 b6
41. Kd2 Rd4+ 42. Ke3 Rb4 43. Kd2 Rd4+ 44. Ke3  1/2-1/2

[Event "Niederoesterreichische Landesliga 2014/2015"]
[Site "NOE"]
[Date "2014.10.26"]
[Round "2"]
[Board "2"]
[White "Hofmann, Thomas"]
[Black "Danner, Lambert"]
[Result "1/2-1/2"]
[WhiteElo "2195"]
[BlackElo "2115"]
[PlyCount "99"]
[EventDate "2014.10.05"]
[EventType "team"]
[EventRounds "11"]
[EventCountry "AUT"]
[WhiteTeam "SV Mistelbach"]
[BlackTeam "KSV Boehlerwerk"]

1. e4 Nf6 2. e5 Nd5 3. Nc3 Nxc3 4. bxc3 d6 5. f4 g6 6. d4 Bg7 7. Nf3 O-O 8. Bd3
c5 9. O-O dxe5 10. fxe5 Nc6 11. Be3 Bg4 12. Be4 Qd7 13. Qd2 Rad8 14. Rad1 Bf5
15. Bxf5 Qxf5 16. Qe2 a6 17. Ng5 Qc8 18. Qc4 Na5 19. Qe2 cxd4 20. cxd4 Qc4 21.
Qe1 Nc6 22. Qh4 h6 23. Nf3 g5 24. Qe4 Qd5 25. Qd3 b5 26. a3 e6 27. Bxg5 Nxe5
28. dxe5 Qxd3 29. cxd3 hxg5 30. g4 Rd5 31. Rfe1 Rfd8 32. d4 Bf8 33. Rd3 Be7 34.
Rc3 b4 35. Rc6 bxa3 36. Rxa6 R5d7 37. Kf2 Rb8 38. Ke3 Rc7 39. Ke4 Kg7 40. Re3
Rb2 41. Rexa3 Bxa3 42. Rxa3 Re2+ 43. Kd3 Rg2 44. Nxg5 Rxh2 45. Ke4 Kg6 46. Nf3
Rh1 47. Kf4 Rb7 48. Ra8 Rf1 49. Ra3 Rb4 50. Rd3  1/2-1/2

[Event "Niederoesterreichische Landesliga 2014/2015"]
[Site "NOE"]
[Date "2014.10.26"]
[Round "2"]
[Board "3"]
[White "Neumann, Christian"]
[Black "Wolfram, Bernd"]
[Result "0-1"]
[WhiteElo "1991"]
[BlackElo "2228"]
[PlyCount "52"]
[EventDate "2014.10.05"]
[EventType "team"]
[EventRounds "11"]
[EventCountry "AUT"]
[WhiteTeam "KSV Boehlerwerk"]
[BlackTeam "SV Mistelbach"]

1. e4 c5 2. Nc3 Nc6 3. g3 g6 4. Bg2 Bg7 5. d3 e6 6. Be3 d6 7. Nge2 Nd4 8. O-O
Ne7 9. Qd2 Qa5 10. Nc1 Bd7 11. Bf4 e5 12. Be3 b5 13. f4 b4 14. Nd1 O-O 15. c3
exf4 16. Bxf4 bxc3 17. bxc3 Nb5 18. Ne2 Bg4 19. Bf3 Bxf3 20. Rxf3 Rad8 21. Bg5
f6 22. Be3 Nc6 23. Rf1 Nc7 24. Rb1 d5 25. Nf2 Ne5 26. Bf4 Nf3+  0-1

[Event "Niederoesterreichische Landesliga 2014/2015"]
[Site "NOE"]
[Date "2014.10.26"]
[Round "2"]
[Board "4"]
[White "Teuber, Andreas"]
[Black "Ebner, Johann"]
[Result "1-0"]
[WhiteElo "2176"]
[BlackElo "2057"]
[PlyCount "65"]
[EventDate "2014.10.05"]
[EventType "team"]
[EventRounds "11"]
[EventCountry "AUT"]
[WhiteTeam "SV Mistelbach"]
[BlackTeam "KSV Boehlerwerk"]

1. d4 {0} e6 2. c4 Nf6 3. g3 Bb4+ 4. Bd2 Qe7 5. Nc3 Bxc3 6. Bxc3 Ne4 7. Rc1
Nxc3 8. Rxc3 O-O 9. Bg2 d6 10. Nf3 Nc6 11. d5 Nd8 12. O-O e5 13. b4 a5 14. a3
b6 15. c5 bxc5 16. bxc5 Nb7 17. Nd2 Ra6 18. Nb3 a4 19. c6 Na5 20. Nxa5 Rxa5 21.
Rc4 Ba6 22. Rb4 Bb5 23. Qd2 Ba6 24. Rfb1 f5 25. e4 f4 26. Rb8 Rc5 27. gxf4 exf4
28. Qxf4 Bc8 29. Qe3 Qf6 30. Rf1 Rc3 31. Qa7 Qg6 32. Kh1 Rxa3 33. Qxc7  1-0

[Event "Niederoesterreichische Landesliga 2014/2015"]
[Site "NOE"]
[Date "2014.10.26"]
[Round "2"]
[Board "1"]
[White "Groetz, Harald"]
[Black "Weiss, Christian"]
[Result "0-1"]
[WhiteElo "2312"]
[BlackElo "2382"]
[PlyCount "104"]
[EventDate "2014.10.05"]
[EventType "team"]
[EventRounds "11"]
[EventCountry "AUT"]
[WhiteTeam "SV Stockerau 2"]
[BlackTeam "Schachklub Mostarrichi"]

1. c4 e5 2. Nc3 Bb4 3. Nd5 a5 4. e3 Nf6 5. a3 Nxd5 6. cxd5 Bc5 7. Qc2 d6 8. Nf3
Nd7 9. Bd3 h6 10. b3 Bb6 11. Bb2 O-O 12. h4 Nf6 13. Ng5 Re8 14. O-O-O hxg5 15.
hxg5 Ng4 16. Rh5 Nxf2 17. Bh7+ Kf8 18. Rf1 Bg4 19. Rh2 Qxg5 20. Rxf2 Ke7 21.
Bf5 Rh8 22. Rxh8 Rxh8 23. Qe4 Rh1+ 24. Kc2 Rh4 25. Bxg4 Rxg4 26. Qf3 Qg6+ 27.
Kc1 Rg3 28. Qe2 f6 29. Bc3 Qe4 30. Qb5 Rxe3 31. dxe3 Qxe3+ 32. Rd2 Qxc3+ 33.
Kd1 Qa1+ 34. Ke2 Qg1 35. Qd3 Qxg2+ 36. Kd1 Qg4+ 37. Kc2 f5 38. Rh2 e4 39. Qc3
Kf7 40. b4 axb4 41. axb4 f4 42. Qa3 Qg3 43. Rh3 Qxa3 44. Rxa3 g5 45. Rh3 Kg6
46. Rh8 g4 47. Kd1 g3 48. Rg8+ Kf5 49. b5 Ke5 50. Rg5+ Kd4 51. Ke1 Ke3 52. Kf1
Kf3  0-1

[Event "Niederoesterreichische Landesliga 2014/2015"]
[Site "NOE"]
[Date "2014.10.26"]
[Round "2"]
[Board "2"]
[White "Knoll, Hermann"]
[Black "Pernerstorfer, Johannes"]
[Result "1-0"]
[WhiteElo "2307"]
[BlackElo "2121"]
[PlyCount "83"]
[EventDate "2014.10.05"]
[EventType "team"]
[EventRounds "11"]
[EventCountry "AUT"]
[WhiteTeam "Schachklub Mostarrichi"]
[BlackTeam "SV Stockerau 2"]

1. e4 c5 2. Nf3 Nc6 3. Bb5 g6 4. O-O Bg7 5. c3 Nf6 6. Re1 O-O 7. h3 e6 8. d3
Ne7 9. Nbd2 a6 10. Ba4 d5 11. Bc2 b5 12. Qe2 Bb7 13. Nf1 Qc7 14. Ng3 dxe4 15.
dxe4 Rfd8 16. Nh2 Nd7 17. Bg5 Nb6 18. Ng4 Nc4 19. e5 Nd5 20. Bb3 h5 21. Bxc4
hxg4 22. Bxd8 Rxd8 23. Bxd5 Rxd5 24. Qxg4 Bxe5 25. Rad1 Bg7 26. Nf1 Qe7 27.
Rxd5 Bxd5 28. a4 b4 29. cxb4 c4 30. Ne3 Qxb4 31. Qd1 Bc6 32. Qd8+ Bf8 33. Rc1
Bxa4 34. Nxc4 Bb5 35. Nd2 Qxb2 36. Rc8 Qb4 37. Ne4 Kg7 38. Qf6+ Kg8 39. Qe5 Kh7
40. Rc7 Be7 41. Nf6+ Kh6 42. Rxe7  1-0

[Event "Niederoesterreichische Landesliga 2014/2015"]
[Site "NOE"]
[Date "2014.10.26"]
[Round "2"]
[Board "3"]
[White "Gajic, Zoran"]
[Black "Ehs, Dominik"]
[Result "0-1"]
[WhiteElo "2106"]
[BlackElo "2056"]
[PlyCount "124"]
[EventDate "2014.10.05"]
[EventType "team"]
[EventRounds "11"]
[EventCountry "AUT"]
[WhiteTeam "SV Stockerau 2"]
[BlackTeam "Schachklub Mostarrichi"]

1. Nf3 Nf6 2. c4 g6 3. d4 Bg7 4. Nc3 O-O 5. e4 d6 6. Be2 e5 7. dxe5 dxe5 8. Bg5
Nbd7 9. Qd2 c6 10. Rd1 Qc7 11. O-O Nc5 12. Qe3 Ne6 13. h3 Nh5 14. Bh6 Nhf4 15.
Bxg7 Kxg7 16. Rd2 f6 17. Rfd1 Qb6 18. Bf1 g5 19. g3 Qxe3 20. fxe3 Ng6 21. g4
Nh4 22. Nh2 Kf7 23. b4 Ke7 24. Be2 Rd8 25. Nf1 Rxd2 26. Nxd2 Nc7 27. Nb3 Ng6
28. Na5 Nf8 29. c5 Bd7 30. Na4 Rd8 31. Nc4 Nb5 32. Nd6 Nxd6 33. Rxd6 Be6 34.
Rxd8 Kxd8 35. Nc3 Nd7 36. a3 Bb3 37. h4 h6 38. h5 Kc7 39. Kf2 b6 40. cxb6+ Nxb6
41. Bd3 Na4 42. Nxa4 Bxa4 43. Ke1 Kb6 44. Kd2 c5 45. bxc5+ Kxc5 46. Be2 Bb3 47.
Kc3 Be6 48. Kd2 Bc4 49. Bd3 Kb5 50. Kc3 Bxd3 51. Kxd3 Ka4 52. Kc4 Kxa3 53. Kd5
Kb4 54. Ke6 a5 55. Kxf6 a4 56. Kg6 a3 57. Kxh6 a2 58. Kxg5 a1=Q 59. h6 Qh1 60.
Kf6 Qxh6+ 61. Kxe5 Qxe3 62. g5 Qxg5+  0-1

[Event "Niederoesterreichische Landesliga 2014/2015"]
[Site "NOE"]
[Date "2014.10.26"]
[Round "2"]
[Board "4"]
[White "Eder, Andreas"]
[Black "Riegler, Rene"]
[Result "1-0"]
[WhiteElo "1959"]
[BlackElo "2030"]
[PlyCount "70"]
[EventDate "2014.10.05"]
[EventType "team"]
[EventRounds "11"]
[EventCountry "AUT"]
[WhiteTeam "Schachklub Mostarrichi"]
[BlackTeam "SV Stockerau 2"]

1. d4 Nf6 2. Bf4 c5 3. e3 Qb6 4. Nc3 e6 5. a3 Be7 6. dxc5 Qxc5 7. Nb5 Nd5 8. b4
Qc6 9. Bxb8 Rxb8 10. c4 Nc7 11. Nxa7 Qa6 12. Nb5 Nxb5 13. cxb5 Qb6 14. Nf3 O-O
15. Be2 Bf6 16. Ra2 Bc3+ 17. Nd2 d5 18. Rc2 Bf6 19. O-O Ra8 20. Ra2 Rd8 21. Qb3
e5 22. a4 Be6 23. a5 Qd6 24. Rc2 d4 25. Bc4 Bxc4 26. Nxc4 Qd5 27. exd4 exd4 28.
Qa4 d3 29. Nb6 Qe4 30. Rc4 Qe6 31. Qd1 Bd4 32. Rxd4 Rxd4 33. Nxa8 d2 34. Nb6
Qa2 35. Qe2 g6  1-0

[Event "Niederoesterreichische Landesliga 2014/2015"]
[Site "NOE"]
[Date "2014.10.26"]
[Round "2"]
[Board "1"]
[White "Froewis, Georg"]
[Black "Lendwai, Reinhard"]
[Result "1/2-1/2"]
[WhiteElo "2437"]
[BlackElo "2350"]
[PlyCount "91"]
[EventDate "2014.10.05"]
[EventType "team"]
[EventRounds "11"]
[EventCountry "AUT"]
[WhiteTeam "SGM Voest Krems"]
[BlackTeam "SK Advisory Invest Baden 2"]

1. Nf3 {0} c5 2. e3 e6 3. d4 Nf6 4. b3 cxd4 5. Nxd4 d5 6. Be2 Bb4+ 7. c3 Be7 8.
O-O O-O 9. Bb2 Nc6 10. c4 Nxd4 11. Qxd4 dxc4 12. Qxc4 Bd7 13. Nc3 Rc8 14. Qd4
Bc5 15. Qf4 Qe7 16. Rfd1 Ba3 17. Bxa3 Qxa3 18. Qd4 Qc5 19. Qxc5 Rxc5 20. Ne4
Rc7 21. Nxf6+ gxf6 22. Rac1 Rxc1 23. Rxc1 Rc8 24. Rxc8+ Bxc8 25. Kf1 f5 26. Ke1
Kf8 27. Kd2 Ke7 28. Kc3 Kd6 29. Bh5 f6 30. f4 Bd7 31. Bf3 b6 32. Kc4 Be8 33.
Kd4 Bd7 34. e4 e5+ 35. Ke3 h6 36. exf5 Bxf5 37. Be4 Be6 38. fxe5+ Kxe5 39. g3
a5 40. Bd3 a4 41. Bc4 axb3 42. axb3 Bg4 43. Bf7 Bd1 44. Kd3 Bf3 45. Ke3 Be4 46.
Bc4  1/2-1/2

[Event "Niederoesterreichische Landesliga 2014/2015"]
[Site "NOE"]
[Date "2014.10.26"]
[Round "2"]
[Board "2"]
[White "Ganaus, Hannes"]
[Black "Kleiser, Gregor"]
[Result "0-1"]
[WhiteElo "2322"]
[BlackElo "2300"]
[PlyCount "80"]
[EventDate "2014.10.05"]
[EventType "team"]
[EventRounds "11"]
[EventCountry "AUT"]
[WhiteTeam "SK Advisory Invest Baden 2"]
[BlackTeam "SGM Voest Krems"]

1. d4 {0} Nf6 2. Nf3 g6 3. Bg5 Ne4 4. Bf4 c5 5. e3 Bg7 6. c3 Qb6 7. Nbd2 d5 8.
Qb3 Nxd2 9. Nxd2 O-O 10. Be2 Qxb3 11. axb3 cxd4 12. exd4 Nc6 13. O-O f6 14. b4
e5 15. dxe5 fxe5 16. Bg3 Be6 17. b5 Ne7 18. Nf3 e4 19. Nd4 Bf7 20. Bd6 Bf6 21.
g4 Rfd8 22. Bg3 g5 23. f3 Ng6 24. fxe4 Bxd4+ 25. cxd4 dxe4 26. Ra4 Rac8 27.
Rxa7 Rc2 28. Re1 Rxb2 29. Rxb7 Nf4 30. Bf1 Rxd4 31. Bf2 Rdd2 32. Be3 Rd8 33. h4
Bd5 34. Rb6 Nd3 35. Ra1 Ne5 36. Bg2 Nf3+ 37. Bxf3 exf3 38. hxg5 Rg2+ 39. Kh1
Re2 40. Bc5 f2+  0-1

[Event "Niederoesterreichische Landesliga 2014/2015"]
[Site "NOE"]
[Date "2014.10.26"]
[Round "2"]
[Board "3"]
[White "Woeber, Friedrich"]
[Black "Dzierzenga, Stefan"]
[Result "1/2-1/2"]
[WhiteElo "2165"]
[BlackElo "2181"]
[PlyCount "70"]
[EventDate "2014.10.05"]
[EventType "team"]
[EventRounds "11"]
[EventCountry "AUT"]
[WhiteTeam "SGM Voest Krems"]
[BlackTeam "SK Advisory Invest Baden 2"]

1. e4 {0} g6 2. d4 Bg7 3. Nc3 c6 4. Nf3 d6 5. Be2 Nf6 6. O-O O-O 7. h3 Qc7 8.
Re1 e5 9. dxe5 dxe5 10. Bc4 Nbd7 11. a4 Nc5 12. b4 Ne6 13. Be3 Nh5 14. Ne2 Qe7
15. Qb1 Qf6 16. Ra3 Nef4 17. Nxf4 Nxf4 18. Bc5 Re8 19. Rd1 b6 20. Rd6 Qe7 21.
Re6 Qd8 22. Rxe8+ Qxe8 23. Be3 Be6 24. Qf1 Rd8 25. Ng5 Bxc4 26. Qxc4 Bf6 27.
Nf3 Rd1+ 28. Kh2 Qd7 29. Bxf4 exf4 30. Rd3 Rxd3 31. cxd3 b5 32. axb5 cxb5 33.
Qc1 Qxd3 34. Qxf4 Qd8 35. e5 Be7  1/2-1/2

[Event "Niederoesterreichische Landesliga 2014/2015"]
[Site "NOE"]
[Date "2014.10.26"]
[Round "2"]
[Board "4"]
[White "Juenger, Heinz"]
[Black "Winiwarter, Felix"]
[Result "1/2-1/2"]
[WhiteElo "2117"]
[BlackElo "2162"]
[PlyCount "88"]
[EventDate "2014.10.05"]
[EventType "team"]
[EventRounds "11"]
[EventCountry "AUT"]
[WhiteTeam "SK Advisory Invest Baden 2"]
[BlackTeam "SGM Voest Krems"]

1. d4 {0} Nf6 2. c4 c5 3. d5 e6 4. Nc3 exd5 5. cxd5 d6 6. Nf3 g6 7. g3 Bg7 8.
Bg2 O-O 9. O-O Na6 10. h3 Nc7 11. e4 Nd7 12. Bf4 Ne5 13. Bxe5 dxe5 14. a4 Ne8
15. Qb3 b6 16. Rfe1 a6 17. Bf1 Nd6 18. Nd2 f5 19. Nc4 Nxc4 20. Qxc4 Qd6 21.
Rab1 Bd7 22. b4 Rfc8 23. b5 a5 24. Nd1 Rf8 25. Qe2 f4 26. Rb3 fxg3 27. fxg3 Rf6
28. Bg2 Raf8 29. Rf1 Rxf1+ 30. Bxf1 Qf6 31. Bg2 Bh6 32. Kh2 Qg5 33. Rc3 Qe7 34.
Nb2 Rf6 35. Nc4 Qf8 36. Rf3 Bg7 37. Rxf6 Qxf6 38. Qf1 Qd8 39. Bf3 h5 40. h4 Bf6
41. Bg2 Kg7 42. Bh3 Be8 43. Qf3 Bf7 44. Kg2 Qc7  1/2-1/2

[Event "Niederoesterreichische Landesliga 2014/2015"]
[Site "NOE"]
[Date "2014.10.26"]
[Round "2"]
[Board "1"]
[White "Wagner, Stefan"]
[Black "Reinwald, Patrick"]
[Result "1/2-1/2"]
[WhiteElo "2121"]
[BlackElo "2153"]
[PlyCount "26"]
[EventDate "2014.10.05"]
[EventType "team"]
[EventRounds "11"]
[EventCountry "AUT"]
[WhiteTeam "Litschau/Eisgarn"]
[BlackTeam "SG Bisamberg/Korneuburg"]

1. c4 Nf6 2. g3 e6 3. Bg2 d5 4. Nf3 Be7 5. O-O O-O 6. b3 c5 7. cxd5 Nxd5 8. Bb2
Nc6 9. Nc3 Bf6 10. Qc1 b6 11. Nxd5 exd5 12. d4 Nxd4 13. Nxd4 cxd4  1/2-1/2

[Event "Niederoesterreichische Landesliga 2014/2015"]
[Site "NOE"]
[Date "2014.10.26"]
[Round "2"]
[Board "2"]
[White "Pammer, Andreas"]
[Black "Plasil, Jiri"]
[Result "1/2-1/2"]
[WhiteElo "2103"]
[BlackElo "2120"]
[PlyCount "81"]
[EventDate "2014.10.05"]
[EventType "team"]
[EventRounds "11"]
[EventCountry "AUT"]
[WhiteTeam "SG Bisamberg/Korneuburg"]
[BlackTeam "Litschau/Eisgarn"]

1. c4 e5 2. Nc3 Nc6 3. g3 d6 4. Bg2 Be6 5. d3 Qd7 6. Nd5 Nge7 7. e3 O-O-O 8.
Qa4 Kb8 9. b4 Nc8 10. b5 Bxd5 11. Bxd5 N6e7 12. Bg2 Ng6 13. e4 c5 14. bxc6 Qxc6
15. Qb3 Nb6 16. Be3 Nd7 17. Ne2 Nc5 18. Qa3 Qd7 19. O-O Be7 20. Rab1 Ka8 21.
Rfd1 Qc7 22. Nc3 Rde8 23. Nd5 Qc6 24. Rb5 Na6 25. Rdb1 Rb8 26. Nb4 Qc7 27. Nd5
Qc8 28. Nxe7 Nxe7 29. Qxd6 Nc6 30. Qa3 Rd8 31. Rd5 f6 32. Bf1 Qc7 33. Bh3 Qe7
34. Qa4 h5 35. Rb3 Nd4 36. Bxd4 exd4 37. Qa3 Qxa3 38. Rxa3 Rxd5 39. exd5 Nc5
40. d6 Rd8 41. d7  1/2-1/2

[Event "Niederoesterreichische Landesliga 2014/2015"]
[Site "NOE"]
[Date "2014.10.26"]
[Round "2"]
[Board "3"]
[White "Popelka, Oldrich"]
[Black "Hirsch, Andreas"]
[Result "1-0"]
[WhiteElo "2080"]
[BlackElo "2006"]
[PlyCount "51"]
[EventDate "2014.10.05"]
[EventType "team"]
[EventRounds "11"]
[EventCountry "AUT"]
[WhiteTeam "Litschau/Eisgarn"]
[BlackTeam "SG Bisamberg/Korneuburg"]

1. c4 g6 2. Nc3 Bg7 3. g3 c6 4. Bg2 d6 5. Nf3 e5 6. d4 Qe7 7. O-O e4 8. Ng5 f5
9. f3 e3 10. f4 h6 11. Nf3 Nf6 12. Qd3 Be6 13. b3 g5 14. Bxe3 Nbd7 15. fxg5 Ng4
16. Bf4 Nxh2 17. Nxh2 hxg5 18. Bd2 O-O-O 19. Nf3 Nf6 20. Kf2 f4 21. gxf4 gxf4
22. Bxf4 Rhg8 23. Rh1 Nd5 24. cxd5 cxd5 25. Rh7 Qe8 26. Qe3  1-0

[Event "Niederoesterreichische Landesliga 2014/2015"]
[Site "NOE"]
[Date "2014.10.26"]
[Round "2"]
[Board "4"]
[White "Sulzgruber, Robin"]
[Black "Ptacnik, Pavel"]
[Result "1-0"]
[WhiteElo "1973"]
[BlackElo "2015"]
[PlyCount "117"]
[EventDate "2014.10.05"]
[EventType "team"]
[EventRounds "11"]
[EventCountry "AUT"]
[WhiteTeam "SG Bisamberg/Korneuburg"]
[BlackTeam "Litschau/Eisgarn"]

1. e4 c5 2. c3 d5 3. exd5 Qxd5 4. d4 e6 5. Na3 Nf6 6. Nb5 Na6 7. Nf3 Be7 8. Be3
cxd4 9. Qxd4 Qxd4 10. Bxd4 b6 11. Be2 O-O 12. a4 Bb7 13. a5 Nc5 14. axb6 axb6
15. O-O Nd5 16. Nd2 Nf4 17. Bf3 Bxf3 18. Nxf3 Ncd3 19. b4 Ne2+ 20. Kh1 Nxd4 21.
Nfxd4 Nxf2+ 22. Kg1 Ne4 23. Rfe1 Nd2 24. Nc7 Rxa1 25. Rxa1 Rc8 26. Ra7 Kf8 27.
Rb7 Nc4 28. Ncb5 Bf6 29. Kf2 g6 30. Ke2 e5 31. Nb3 e4 32. Nd2 Nxd2 33. Kxd2 Rc6
34. Nd4 Bxd4 35. cxd4 Rc4 36. Rxb6 Rxd4+ 37. Ke3 Rc4 38. g4 Kg7 39. g5 h5 40.
Rb8 f5 41. Rb7+ Kf8 42. b5 Rc3+ 43. Kd4 Rd3+ 44. Ke5 e3 45. Kf6 Rd6+ 46. Ke5
Rd8 47. Kf6 Re8 48. Kxg6 Re6+ 49. Kxf5 e2 50. Kxe6 e1=Q+ 51. Kf6 Qc3+ 52. Kg6
Qd3+ 53. Kh6 Qd2 54. h4 Qf4 55. b6 Qxh4 56. Rb8+ Ke7 57. b7 Qf4 58. Rg8 Qd6+
59. g6  1-0